[Event "Titled Tuesday intern op 06th Feb Late"]
[Site "Chess.com INT"]
[Date "2024.02.06"]
[Round "5"]
[White "Velikanov, Alexander"]
[Black "Musalov, Ruslan"]
[Result "1-0"]
[WhiteElo "2387"]
[BlackElo "2342"]
[PlyCount "83"]
[EventDate "2024.02.06"]
[EventType "swiss (blitz)"]
[EventRounds "11"]
[EventCountry "USA"]
[SourceTitle "CB07_2024"]
[SourceDate "2024.02.14"]
[SourceVersion "1"]
[SourceVersionDate "2024.02.14"]
[SourceQuality "1"]

1. e4 c5 2. Nf3 d6 3. d4 cxd4 4. Nxd4 Nf6 5. Bd3 a6 6. c4 e5 7. Nc2 Be7 8. Nc3 0-0 9. 0-0 Nbd7 10. b3 Nc5 11. Be3 Be6 12. Bxc5 dxc5 13. Ne3 Qd7 14. Qc2 Bd8 15. Ncd5 Bxd5 16. exd5 g6 17. f4 exf4 18. Rxf4 Ne8 19. Rf3 Nd6 20. Raf1 Bg5 21. Nd1 Rae8 22. Kh1 f5 23. Nf2 Re3 24. Nh3 Rxf3 25. Rxf3 Bh6 26. Nf2 Re8 27. g3 Qe7 28. Kg2 Qe1 29. g4 fxg4 30. Rf6 Qe7 31. Re6 Qd7 32. Bxg6 Rxe6 33. dxe6 Qxe6 34. Bxh7+ Kg7 35. Be4 Qe5 36. Bd5 g3 37. Ng4 Qg5 38. Qc3+ Kh7 39. Qxg3 Nf5 40. Be4 Qd2+ 41. Nf2 Qd7 42. Qg4 1-0

[Event "Titled Tuesday intern op 16th Jan Early"]
[Site "Chess.com INT"]
[Date "2024.01.16"]
[Round "11"]
[White "Hua, Lefong"]
[Black "Musalov, Ruslan"]
[Result "1/2-1/2"]
[WhiteElo "2305"]
[BlackElo "2342"]
[PlyCount "125"]
[EventDate "2024.01.16"]
[EventType "swiss (blitz)"]
[EventRounds "11"]
[EventCountry "USA"]
[SourceTitle "CB04_2024"]
[SourceDate "2023.10.16"]
[SourceVersion "1"]
[SourceVersionDate "2023.10.16"]
[SourceQuality "1"]

1. d4 d6 2. e4 e5 3. Ne2 Nc6 4. c4 Nf6 5. Nbc3 g6 6. f3 Bg7 7. Be3 0-0 8. Qd2 Nh5 9. d5 Ne7 10. g4 Nf6 11. 0-0-0 Nd7 12. Kb1 a6 13. Ng3 b5 14. cxb5 axb5 15. Bxb5 Ba6 16. Ba4 Nc8 17. Bc6 Rb8 18. h4 Ndb6 19. Qf2 Ne7 20. b3 Nc4 21. Bc1 Nxc6 22. dxc6 Na5 23. Nd5 Nxc6 24. Bb2 Nb4 25. Nxb4 Rxb4 26. Qd2 Rb6 27. Nf1 Qf6 28. Qe3 Qf4 29. Qxf4 exf4 30. Bxg7 Kxg7 31. Rh2 Rfb8 32. Rc2 c5 33. Kc1 h5 34. g5 f6 35. gxf6+ Kxf6 36. Nd2 g5 37. hxg5+ Kxg5 38. Rg1+ Kf6 39. Nc4 Bxc4 40. Rxc4 Rb4 41. Rc2 c4 42. Rd2 cxb3 43. axb3 R8b6 44. Rgd1 Ke6 45. Rh1 Rxb3 46. Rxh5 Rxf3 47. Rf5 Rf1+ 48. Kc2 f3 49. Rd3 f2 50. Rdf3 Re1 51. Rxf2 Rxe4 52. Kd3 Re5 53. Rxe5+ dxe5 54. Ke4 Rb4+ 55. Ke3 Kd5 56. Ra2 Rb3+ 57. Ke2 e4 58. Ra4 Ke5 59. Ra8 Rb2+ 60. Ke3 Rb3+ 61. Ke2 Rb2+ 62. Ke3 Rb3+ 63. Ke2 1/2-1/2

[Event "Titled Tuesday intern op 16th Jan Early"]
[Site "Chess.com INT"]
[Date "2024.01.16"]
[Round "3"]
[White "Korchmar, Vasiliy"]
[Black "Musalov, Ruslan"]
[Result "1-0"]
[WhiteElo "2438"]
[BlackElo "2342"]
[PlyCount "91"]
[EventDate "2024.01.16"]
[EventType "swiss (blitz)"]
[EventRounds "11"]
[EventCountry "USA"]
[SourceTitle "CB04_2024"]
[SourceDate "2023.10.16"]
[SourceVersion "1"]
[SourceVersionDate "2023.10.16"]
[SourceQuality "1"]

1. e4 e5 2. Nf3 Nc6 3. Bc4 Be7 4. 0-0 Nf6 5. Nc3 0-0 6. d3 d6 7. a4 Be6 8. Nd5 Bxd5 9. exd5 Nb8 10. d4 Nfd7 11. dxe5 Nxe5 12. Nxe5 dxe5 13. a5 Nd7 14. a6 b6 15. Qh5 Bd6 16. Bg5 f6 17. Be3 f5 18. f4 Qf6 19. c3 Kh8 20. Bb5 Rad8 21. Rae1 e4 22. Bd4 Bc5 23. Rd1 Bxd4+ 24. Rxd4 Qg6 25. Qh4 Nf6 26. Rfd1 Rd6 27. c4 Rfd8 28. b4 c5 29. bxc5 bxc5 30. R4d2 Qg4 31. Qf2 h6 32. h3 Qg6 33. Qxc5 Nh5 34. Qf2 Qf7 35. Bc6 Nf6 36. c5 Rxc6 37. dxc6 Rc8 38. Rd7 Qc4 39. Rd8+ Rxd8 40. Rxd8+ Kh7 41. c7 Qc1+ 42. Kh2 e3 43. Qe2 Ne4 44. c8Q Qxc5 45. Qxc5 Nxc5 46. Qxe3 1-0

[Event "Titled Tuesday intern op 12th Dec Early"]
[Site "Chess.com INT"]
[Date "2023.12.12"]
[Round "2"]
[White "De Souza, Cristiano Gomes"]
[Black "Musalov, Ruslan"]
[Result "0-1"]
[WhiteElo "2018"]
[BlackElo "2342"]
[PlyCount "96"]
[EventDate "2023.12.12"]
[EventType "swiss (blitz)"]
[EventRounds "11"]
[EventCountry "USA"]
[SourceTitle "CB51_2023"]
[SourceDate "2023.12.20"]
[SourceVersion "1"]
[SourceVersionDate "2023.12.20"]
[SourceQuality "1"]

1. d4 Nf6 2. c4 g6 3. Nf3 Bg7 4. Nc3 0-0 5. e4 d6 6. Be2 e5 7. 0-0 Nc6 8. d5 Ne7 9. Ne1 Nd7 10. Be3 f5 11. f3 f4 12. Bf2 g5 13. Nb5 b6 14. b4 h5 15. Nd3 Ng6 16. c5 Nf6 17. Rc1 Rf7 18. Qc2 a6 19. Na3 b5 20. cxd6 cxd6 21. Qd2 g4 22. Rc2 g3 23. hxg3 fxg3 24. Bxg3 h4 25. Bf2 Nh5 26. Kh2 Nhf4 27. Rfc1 Bd7 28. Bf1 Bh6 29. Be3 Qg5 30. Nxf4 Nxf4 31. Qf2 Rg7 32. Nb1 Qg3+ 33. Kh1 Bg5 34. Rc7 Rf8 35. Ra7 Rff7 36. Rcc7 Rh7 37. Nc3 Qxf2 38. Bxf2 h3 39. g3 Ng2 40. Bxg2 hxg2+ 41. Kxg2 Bh3+ 42. Kg1 Rxc7 43. Rxc7 Rxc7 44. Be1 Be3+ 45. Kh2 Bd7 46. Kg2 Bd4 47. Ne2 Rc2 48. Kf1 Bh3# 0-1

[Event "RUS-chT Rapid"]
[Site "Sochi"]
[Date "2021.10.15"]
[Round "1.4"]
[White "Bocharov, Dmitry"]
[Black "Musalov, Ruslan"]
[Result "1-0"]
[WhiteElo "2517"]
[BlackElo "2342"]
[PlyCount "73"]
[EventDate "2021.10.15"]
[EventType "team-swiss (rapid)"]
[EventRounds "9"]
[EventCountry "RUS"]
[SourceTitle "CBM 204 Extra"]
[Source "ChessBase"]
[SourceDate "2021.11.30"]
[SourceVersion "1"]
[SourceVersionDate "2021.11.30"]
[SourceQuality "1"]
[WhiteTeam "Novosibirsk Region"]
[BlackTeam "Dagestan Yuzhnyy Veter"]
[WhiteTeamCountry "RUS"]
[BlackTeamCountry "RUS"]

1. d4 d6 2. Nf3 Bg4 3. e4 Nc6 4. d5 Ne5 5. Nxe5 Bxd1 6. Bb5+ c6 7. dxc6 Qa5+ 8. Nc3 0-0-0 9. Nc4 Qxc3+ 10. bxc3 Bxc2 11. f3 a6 12. Nb6+ Kb8 13. Nd5 bxc6 14. Bxc6 Rc8 15. Nb4 a5 16. Na6+ Ka7 17. Bb5 Kb6 18. c4 Bd3 19. Be3+ Kb7 20. Kd2 Bxc4 21. Rab1 Bxb5 22. Rxb5+ Kc6 23. Rhb1 Kd7 24. Rb7+ Ke6 25. Nc7+ Kf6 26. Nd5+ Kg6 27. Rb8 Rxb8 28. Rxb8 Nh6 29. Nxe7+ Kf6 30. Nd5+ Ke6 31. g4 f6 32. Rb7 g5 33. Bd4 Ng8 34. f4 Be7 35. fxg5 h5 36. Nxe7 Nxe7 37. Rxe7+ 1-0

[Event "RUS-chT Blitz"]
[Site "Sochi"]
[Date "2021.10.14"]
[Round "1.5"]
[White "Musalov, Ruslan"]
[Black "Pridorozhni, Aleksei"]
[Result "1/2-1/2"]
[WhiteElo "2342"]
[BlackElo "2564"]
[PlyCount "87"]
[EventDate "2021.10.14"]
[EventType "team-swiss (blitz)"]
[EventRounds "13"]
[EventCountry "RUS"]
[SourceTitle "CBM 204 Extra"]
[Source "ChessBase"]
[SourceDate "2021.11.30"]
[SourceVersion "1"]
[SourceVersionDate "2021.11.30"]
[SourceQuality "1"]
[WhiteTeam "Dagestan Yuzhnyy Veter"]
[BlackTeam "Novosibirsk Region"]
[WhiteTeamCountry "RUS"]
[BlackTeamCountry "RUS"]

1. Nf3 d5 2. e3 g6 3. d4 Bg7 4. Be2 Nf6 5. 0-0 0-0 6. c4 c6 7. Nc3 Bg4 8. cxd5 cxd5 9. Ne5 Bxe2 10. Qxe2 e6 11. b3 Nfd7 12. Ba3 Re8 13. f4 a6 14. Na4 f6 15. Nd3 Nc6 16. Rac1 Rc8 17. Nac5 Nxc5 18. Bxc5 e5 19. fxe5 fxe5 20. dxe5 Nxe5 21. Bd4 Rxc1 22. Rxc1 Nc6 23. Bxg7 Kxg7 24. Nf4 d4 25. Qc4 Qd6 26. Rf1 Kh6 27. exd4 Qxd4+ 28. Qxd4 Nxd4 29. Rd1 Re4 30. g3 b5 31. Kf2 a5 32. h4 a4 33. bxa4 bxa4 34. Rd3 Nf5 35. Nh3 Rb4 36. Ng5 Rb7 37. Kf3 Ra7 38. Rd8 Kg7 39. Kf4 h6 40. Ne4 Rf7 41. Ke5 Re7+ 42. Kf4 Rf7 43. Ke5 Re7+ 44. Kf4 1/2-1/2

[Event "RUS-chT 28th"]
[Site "Sochi"]
[Date "2021.05.03"]
[Round "3.3"]
[White "Musalov, Ruslan"]
[Black "Oparin, Grigoriy"]
[Result "0-1"]
[WhiteElo "2359"]
[BlackElo "2652"]
[PlyCount "102"]
[EventDate "2021.05.01"]
[EventType "tourn"]
[EventRounds "9"]
[EventCountry "RUS"]
[SourceTitle "CBM 202"]
[Source "ChessBase"]
[SourceDate "2021.06.30"]
[SourceVersion "1"]
[SourceVersionDate "2021.06.30"]
[SourceQuality "1"]
[WhiteTeam "Crimea Cimmeria"]
[BlackTeam "Tatarstan Ladya"]
[WhiteTeamCountry "RUS"]
[BlackTeamCountry "RUS"]

1. Nf3 Nf6 2. c4 e6 3. e3 d5 4. Nc3 Bd6 5. d4 b6 6. Bd3 Bb7 7. 0-0 0-0 8. b3 Nbd7 9. Bb2 a6 10. Rc1 Qe7 11. Ne2 dxc4 12. Bxc4 Rfd8 13. Ng3 c5 14. Qe2 cxd4 15. Nxd4 Ne5 16. Rfd1 g6 17. Bd3 Nxd3 18. Rxd3 Rac8 19. Rxc8 Rxc8 20. Qd1 Bb8 21. Nf3 e5 22. Nd2 b5 23. Nb1 h5 24. h3 h4 25. Nf1 Be4 26. Rd2 b4 27. f3 Bc6 28. Rc2 Rd8 29. Nbd2 Bb5 30. Qc1 Bd3 31. Rc8 Nd5 32. Qc6 Bb5 33. Rxd8+ Qxd8 34. Qc5 Qd7 35. Ne4 Kg7 36. a4 Bxf1 37. Kxf1 f6 38. Bc1 Ba7 39. Qd6 Qxd6 40. Nxd6 Bxe3 41. Ne8+ Kf7 42. Nc7 Nxc7 43. Bxe3 Ke6 44. Bf2 g5 45. Bc5 Nd5 46. Ke2 Nf4+ 47. Kf1 Nd3 48. Bf8 a5 49. Kg1 Nc1 50. Bc5 Nxb3 51. Bb6 Nd4 0-1

[Event "RUS-chT 27th"]
[Site "Sochi"]
[Date "2020.11.21"]
[Round "3.5"]
[White "Musalov, Ruslan"]
[Black "Inarkiev, Ernesto"]
[Result "1/2-1/2"]
[WhiteElo "2348"]
[BlackElo "2661"]
[PlyCount "80"]
[EventDate "2020.11.19"]
[EventType "team-tourn"]
[EventRounds "9"]
[EventCountry "RUS"]
[SourceTitle "CBM 199"]
[Source "ChessBase"]
[SourceDate "2020.12.31"]
[SourceVersion "1"]
[SourceVersionDate "2020.12.31"]
[SourceQuality "1"]
[WhiteTeam "Krym Kimmeriya"]
[BlackTeam "Moscow FShM"]
[WhiteTeamCountry "RUS"]
[BlackTeamCountry "RUS"]

1. e4 c5 2. Nf3 e6 3. g3 Nc6 4. Bg2 Nf6 5. d3 d6 6. 0-0 Be7 7. Nbd2 0-0 8. Re1 e5 9. c3 Re8 10. d4 exd4 11. cxd4 cxd4 12. Nb3 Bg4 13. Nbxd4 Bf8 14. h3 Bh5 15. Qa4 d5 16. exd5 Rxe1+ 17. Nxe1 Nb4 18. g4 Bg6 19. Bg5 Qb6 20. Rd1 Bc5 21. Nef3 Nfxd5 22. Re1 h6 23. Re8+ Rxe8 24. Qxe8+ Kh7 25. Bd8 Qd6 26. Nf5 Bxf5 27. gxf5 Qg3 28. Bh4 Qd6 29. Qxf7 Nd3 30. Ng5+ hxg5 31. Bxd5 gxh4 32. Qg8+ Kh6 33. Qh8+ Kg5 34. Qxg7+ Kxf5 35. Qh7+ Kg5 36. Qxd3 Qf4 37. Qf3 b6 38. Qxf4+ Kxf4 39. Kg2 a5 40. a4 Bd4 1/2-1/2

[Event "RUS-ch blitz"]
[Site "Sochi"]
[Date "2019.10.17"]
[Round "10"]
[White "Bespalov, Konstantin"]
[Black "Musalov, Ruslan"]
[Result "1-0"]
[WhiteElo "2258"]
[BlackElo "2348"]
[PlyCount "129"]
[EventDate "2019.10.17"]
[EventType "swiss (blitz)"]
[EventRounds "15"]
[EventCountry "RUS"]
[SourceTitle "CBM 192 Extra"]
[Source "Chessbase"]
[SourceDate "2019.11.06"]
[SourceVersion "1"]
[SourceVersionDate "2019.11.06"]
[SourceQuality "1"]

1. e4 e5 2. Bc4 Nf6 3. d4 exd4 4. Nf3 Nc6 5. 0-0 Bc5 6. e5 d5 7. exf6 dxc4 8. fxg7 Rg8 9. Re1+ Be6 10. Bg5 Qd5 11. Nc3 Qf5 12. Ne4 Rxg7 13. Nh4 Qxg5 14. Nxg5 Rxg5 15. Nf3 Rd5 16. b3 cxb3 17. axb3 0-0-0 18. Qd3 a6 19. Qxh7 d3 20. cxd3 Rxd3 21. Rec1 Bb6 22. h3 Rxb3 23. Qc2 Rbd3 24. Rxa6 bxa6 25. Qxc6 Rd1+ 26. Rxd1 Rxd1+ 27. Kh2 Bd5 28. Qa4 Bxf3 29. gxf3 Rd2 30. Qxa6+ Kb8 31. Kg3 Bxf2+ 32. Kg4 Rd6 33. Qb5+ Bb6 34. Qe8+ Kb7 35. Qxf7 Be3 36. Qb3+ Bb6 37. f4 c5 38. f5 c4 39. Qf3+ Kc7 40. f6 Rc6 41. f7 Bc5 42. f8Q Bxf8 43. Qxf8 c3 44. Qf7+ Kb8 45. Qb3+ Kc7 46. Qc2 Kd7 47. h4 Ke7 48. h5 Kf7 49. Qf5+ Ke7 50. Qe4+ Kd7 51. Qc2 Ke7 52. Kg5 Kf7 53. Qf5+ Ke7 54. Qe4+ Kd7 55. Qc2 Ke7 56. h6 Rc5+ 57. Kg6 Rc6+ 58. Kg7 Rc5 59. Qe4+ Kd6 60. Qf4+ Kd5 61. h7 c2 62. Qc1 Rc7+ 63. Kg6 Rc6+ 64. Kf5 Rc8 65. Qd2+ 1-0

[Event "RUS-ch rapid"]
[Site "Sochi"]
[Date "2019.10.16"]
[Round "10"]
[White "Musalov, Ruslan"]
[Black "Pridorozhni, Aleksei"]
[Result "0-1"]
[WhiteElo "2348"]
[BlackElo "2599"]
[PlyCount "72"]
[EventDate "2019.10.15"]
[EventType "swiss"]
[EventRounds "11"]
[EventCountry "RUS"]
[SourceTitle "CBM 192 Extra"]
[Source "Chessbase"]
[SourceDate "2019.11.06"]
[SourceVersion "1"]
[SourceVersionDate "2019.11.06"]
[SourceQuality "1"]

1. d4 d5 2. Nf3 e6 3. e3 Nf6 4. Bd3 c5 5. c3 Bd6 6. Nbd2 0-0 7. 0-0 Nc6 8. dxc5 Bxc5 9. e4 e5 10. b4 Bb6 11. Qe2 Bg4 12. b5 Ne7 13. h3 Nh5 14. Rd1 Nf4 15. Qf1 Bh5 16. g4 Bg6 17. Nxe5 Qc7 18. Nxg6 Nexg6 19. Nf3 Nxd3 20. Qxd3 dxe4 21. Qxe4 Rfe8 22. Qf5 Qg3+ 23. Kh1 Qxh3+ 24. Kg1 Qg3+ 25. Kh1 Bxf2 26. Ng5 Rf8 27. Ba3 h6 28. Bxf8 hxg5 29. Bd6 Nf4 30. Bxf4 gxf4 31. Rd3 Be3 32. g5 g6 33. Rxe3 fxe3 34. Qe4 Rd8 35. Rf1 Kg7 36. Qe7 Rh8# 0-1

[Event "RUS-ch rapid"]
[Site "Sochi"]
[Date "2019.10.15"]
[Round "4"]
[White "Drygalov, Andrey"]
[Black "Musalov, Ruslan"]
[Result "1-0"]
[WhiteElo "2484"]
[BlackElo "2348"]
[PlyCount "47"]
[EventDate "2019.10.15"]
[EventType "swiss"]
[EventRounds "11"]
[EventCountry "RUS"]
[SourceTitle "CBM 192 Extra"]
[Source "Chessbase"]
[SourceDate "2019.11.06"]
[SourceVersion "1"]
[SourceVersionDate "2019.11.06"]
[SourceQuality "1"]

1. e4 e5 2. Nf3 Nc6 3. Bc4 Bc5 4. c3 Nf6 5. d3 0-0 6. 0-0 d5 7. exd5 Nxd5 8. a4 a5 9. Nbd2 Nb6 10. Bb5 f6 11. Ne4 Be7 12. Be3 Nd5 13. Bc5 Bxc5 14. Nxc5 Nce7 15. Bc4 Kh8 16. Re1 b6 17. Ne4 Nf5 18. d4 exd4 19. Nxd4 Nxd4 20. Qxd4 Bb7 21. Rad1 c6 22. Ng3 Qc7 23. Bxd5 Rad8 24. Qc4 1-0

[Event "RUS-chT2"]
[Site "Sochi"]
[Date "2019.05.09"]
[Round "8.1"]
[White "Musalov, Ruslan"]
[Black "Lugovskoy, Maxim"]
[Result "1-0"]
[WhiteElo "2338"]
[BlackElo "2445"]
[PlyCount "119"]
[EventDate "2019.05.01"]
[EventType "team-swiss"]
[EventRounds "9"]
[EventCountry "RUS"]
[SourceTitle "CBM 190 Extra"]
[Source "ChessBase"]
[SourceDate "2019.07.15"]
[SourceVersion "1"]
[SourceVersionDate "2019.07.15"]
[SourceQuality "1"]
[WhiteTeam "Dagestan"]
[BlackTeam "Sochi Krasnodar Territory"]
[WhiteTeamCountry "RUS"]
[BlackTeamCountry "RUS"]

1. d4 Nf6 2. Nf3 e6 3. e3 b6 4. Bd3 Bb7 5. 0-0 c5 6. c4 Be7 7. Nc3 0-0 8. a3 d6 9. b3 Nbd7 10. Bb2 Rc8 11. Rc1 a6 12. Qe2 Qc7 13. Rfd1 Rfd8 14. Bb1 Qb8 15. Ng5 Qa8 16. d5 Nf8 17. Na4 Qa7 18. Qd3 b5 19. Nc3 exd5 20. cxd5 Ng6 21. Qf5 Rb8 22. Nce4 Bc8 23. Qf3 Rf8 24. Nxf6+ Bxf6 25. Bxf6 gxf6 26. Qxf6 Qe7 27. Nxh7 Qxf6 28. Nxf6+ Kg7 29. Ne4 Rb6 30. f4 Re8 31. Kf2 f5 32. Ng5 Rb7 33. g3 Ne7 34. h3 Ng8 35. e4 Rbe7 36. e5 dxe5 37. d6 Rb7 38. Rxc5 e4 39. Ke3 Nf6 40. b4 Bd7 41. Ba2 a5 42. Rc7 Rxc7 43. dxc7 axb4 44. axb4 Rc8 45. Be6 Rxc7 46. Bxd7 Rxd7 47. Ne6+ Kf7 48. Rxd7+ Nxd7 49. Nd4 Kf6 50. Nxb5 Nb6 51. Kd4 Ke6 52. Nc3 Nc8 53. b5 Nd6 54. g4 Ne8 55. Nd5 Nd6 56. b6 Nb7 57. Ne3 fxg4 58. hxg4 Kd6 59. g5 Kc6 60. g6 1-0

[Event "Dvorkovich Memorial rapid op"]
[Site "Taganrog"]
[Date "2018.01.14"]
[Round "8"]
[White "Kharchenko, Boris"]
[Black "Musalov, Ruslan"]
[Result "1/2-1/2"]
[WhiteElo "2464"]
[BlackElo "2338"]
[PlyCount "147"]
[EventDate "2018.01.13"]
[EventType "swiss (rapid)"]
[EventRounds "11"]
[EventCountry "RUS"]
[SourceTitle "CBM 182 Extra"]
[Source "ChessBase"]
[SourceDate "2018.02.23"]
[SourceVersion "1"]
[SourceVersionDate "2018.02.23"]
[SourceQuality "1"]

1. e4 e5 2. Nf3 Nc6 3. Bb5 Nf6 4. 0-0 Nxe4 5. Re1 Nd6 6. Bd3 f6 7. Nh4 Nf7 8. Nc3 e4 9. Qf3 d5 10. Qh5 Nce5 11. Nxe4 dxe4 12. Bxe4 Be7 13. Qe2 g6 14. d4 Qxd4 15. Nf3 Qc4 16. Bd3 Qg4 17. Kh1 0-0 18. Be4 Bd6 19. Qf1 Nxf3 20. Bxf3 Qb4 21. a3 Qh4 22. g3 Qh3 23. Bg2 Qh5 24. f4 Rb8 25. Be3 Bd7 26. Bxa7 Ra8 27. Bd4 Bc6 28. Bxc6 bxc6 29. Bxf6 Nh6 30. Bc3 Qd5+ 31. Qg2 Rfe8 32. Rad1 Rxe1+ 33. Rxe1 Kf7 34. Qxd5+ cxd5 35. Kg2 c5 36. Kf3 d4 37. Bd2 Nf5 38. g4 Ne7 39. Ke4 Rb8 40. b3 Re8 41. a4 h5 42. h3 Bc7 43. Kd3 Nd5 44. Rxe8 Kxe8 45. gxh5 gxh5 46. Kc4 Nf6 47. a5 Kd7 48. Kb5 Ne4 49. Bc1 Kd6 50. a6 Nc3+ 51. Kc4 Bb6 52. f5 Kc6 53. Bf4 Ne4 54. Be5 Nd2+ 55. Kd3 Nf3 56. Bf4 Kd5 57. f6 Ke6 58. Bb8 Ne1+ 59. Kc4 Nxc2 60. a7 Ne3+ 61. Kd3 Bxa7 62. Bxa7 Nd5 63. Bxc5 Nf4+ 64. Kxd4 Kxf6 65. h4 Ng2 66. Bb6 Ke7 67. Kd5 Nxh4 68. b4 Kd7 69. b5 Nf5 70. Bc5 h4 71. b6 h3 72. Bg1 Kc8 73. Ke5 Nh4 74. Ke4 1/2-1/2

[Event "Dvorkovich Memorial rapid op"]
[Site "Taganrog"]
[Date "2018.01.13"]
[Round "2"]
[White "Kokarev, Dmitry"]
[Black "Musalov, Ruslan"]
[Result "1-0"]
[WhiteElo "2616"]
[BlackElo "2338"]
[PlyCount "69"]
[EventDate "2018.01.13"]
[EventType "swiss (rapid)"]
[EventRounds "11"]
[EventCountry "RUS"]
[SourceTitle "CBM 182 Extra"]
[Source "ChessBase"]
[SourceDate "2018.02.23"]
[SourceVersion "1"]
[SourceVersionDate "2018.02.23"]
[SourceQuality "1"]

1. e4 e5 2. Nf3 Nc6 3. Bb5 Nf6 4. d3 d6 5. 0-0 a6 6. Bxc6+ bxc6 7. d4 exd4 8. Nxd4 Bd7 9. Nc3 Be7 10. h3 0-0 11. Qf3 Rb8 12. b3 Re8 13. Bf4 c5 14. Nf5 Bxf5 15. exf5 Qc8 16. g4 h6 17. Rfe1 Qb7 18. Kg2 Qxf3+ 19. Kxf3 Kf8 20. Rad1 Bd8 21. Re3 Rb4 22. Bg3 Rb7 23. Na4 Nd7 24. Nc3 Bg5 25. Rxe8+ Kxe8 26. Nd5 Nb6 27. f6 Nxd5 28. fxg7 Nf6 29. h4 Kd7 30. hxg5 hxg5 31. Rd5 Rb8 32. Rxg5 Rg8 33. Bf4 Nh7 34. Rd5 Ke6 35. Rd1 1-0

[Event "Dvorkovich Memorial rapid op"]
[Site "Taganrog"]
[Date "2018.01.13"]
[Round "3"]
[White "Musalov, Ruslan"]
[Black "Krivochkin, Ilya"]
[Result "1-0"]
[WhiteElo "2338"]
[BlackElo "2046"]
[PlyCount "103"]
[EventDate "2018.01.13"]
[EventType "swiss (rapid)"]
[EventRounds "11"]
[EventCountry "RUS"]
[SourceTitle "CBM 182 Extra"]
[Source "ChessBase"]
[SourceDate "2018.02.23"]
[SourceVersion "1"]
[SourceVersionDate "2018.02.23"]
[SourceQuality "1"]

1. Nf3 d5 2. e3 Bf5 3. b3 Nf6 4. Bb2 e6 5. Be2 Bd6 6. 0-0 Nbd7 7. c4 c6 8. d4 Ne4 9. Nc3 Qf6 10. Nd2 Qh6 11. f4 Ndf6 12. Ncxe4 dxe4 13. Rf2 g5 14. Nf1 gxf4 15. exf4 Rg8 16. Qd2 0-0-0 17. b4 Bg4 18. c5 Bxe2 19. Qxe2 Bxf4 20. b5 Ng4 21. Rxf4 Qxf4 22. bxc6 bxc6 23. Qa6+ Kd7 24. Qxa7+ Qc7 25. Qa3 Rg6 26. h3 Nf6 27. Re1 Rdg8 28. Re2 Nd5 29. Rf2 f5 30. g4 h5 31. Rg2 hxg4 32. h4 Nf4 33. Qe3 Nxg2 34. Kxg2 g3 35. Bc1 Rg4 36. h5 Qd8 37. Qb3 Ke7 38. Ne3 Rh4 39. d5 Rh2+ 40. Kg1 Qa5 41. Qb7+ Ke8 42. Qxc6+ Kf8 43. Qd6+ Ke8 44. Qxe6+ Kd8 45. Qxg8+ Kc7 46. Qxg3+ Kc8 47. Kxh2 Qxc5 48. Bb2 Qa5 49. Be5 Qxa2+ 50. Kh3 Qe2 51. Kh4 Qd3 52. h6 1-0